Encyclopedia of materials science and engineering Volume 5, O - Q (Record no. 61442)
[ view plain ]
| 000 -LEADER | |
|---|---|
| fixed length control field | 00674nam a22001937a 4500 |
| 003 - CONTROL NUMBER IDENTIFIER | |
| control field | NUST-PNEC |
| 005 - DATE AND TIME OF LATEST TRANSACTION | |
| control field | 20170116180722.0 |
| 008 - FIXED-LENGTH DATA ELEMENTS--GENERAL INFORMATION | |
| fixed length control field | 141028b xxu||||| |||| 00| 0 eng d |
| 020 ## - INTERNATIONAL STANDARD BOOK NUMBER | |
| International Standard Book Number | 0080221580 |
| 040 ## - CATALOGING SOURCE | |
| Transcribing agency | PNEC |
| 082 ## - DEWEY DECIMAL CLASSIFICATION NUMBER | |
| Classification number | 620.110321 BEV |
| 100 ## - MAIN ENTRY--PERSONAL NAME | |
| 9 (RLIN) | 850 |
| Personal name | Bever Michael B. |
| 245 ## - TITLE STATEMENT | |
| Title | Encyclopedia of materials science and engineering Volume 5, O - Q |
| Statement of responsibility, etc. | Michael B. Bever |
| 260 ## - PUBLICATION, DISTRIBUTION, ETC. | |
| Place of publication, distribution, etc. | Oxford : |
| Name of publisher, distributor, etc. | Pergamon, |
| Date of publication, distribution, etc. | c.1986. |
| 300 ## - PHYSICAL DESCRIPTION | |
| Extent | VI S., S. 3275 - 4011 |
| Other physical details | Ill., graph. Darst |
| Dimensions | 25 cm. |
| 500 ## - GENERAL NOTE | |
| General note | https://www.worldcat.org/title/encyclopedia-of-materials-science-and-engineering-vol-4-j-n/oclc/721519044&referer=brief_results |
| 650 ## - SUBJECT ADDED ENTRY--TOPICAL TERM | |
| General subdivision | ME |
| 942 ## - ADDED ENTRY ELEMENTS (KOHA) | |
| Source of classification or shelving scheme | |
| Koha item type | Book |
| Withdrawn status | Lost status | Source of classification or shelving scheme | Damaged status | Not for loan | Permanent Location | Current Location | Shelving location | Date acquired | Source of acquisition | Cost, normal purchase price | Total Checkouts | Full call number | Barcode | Date last seen | Cost, replacement price | Price effective from | Koha item type |
|---|---|---|---|---|---|---|---|---|---|---|---|---|---|---|---|---|---|
| Pakistan Navy Engineering College (PNEC) | Pakistan Navy Engineering College (PNEC) | Reference | 06/08/1989 | Pak Book Corporation | 625.00 | 620.110321 BEV | PNECLIB-013289 | 10/28/2014 | 625.00 | 06/08/1989 | Book |
